01189cam a22003135a 4500001001000000003000400010005001700014008004100031020002500072020002200097040004000119082002000159245006500179250002300244260004900267300005000316504005300366650004000419650003100459650005400490650004600544651001000590653002100600655002400621700005300645942002000698999001700718952014000735016514904OSt20201128021314.0130815t2014 enkadk frb 001 0 eng d a9780077133269 (pbk.) a0077133269 (pbk.) aStDuBDSbengcStDuBDSdUkdEG-ScBUE04a658.15bMAN22200aManagement control systems /cRobert N. Anthony ... [et al.] aFirst European ed. aBerkshire :bMcgraw-Hill Education,cc.2014. axx, 640 p. :bcharts, forms, tables ;c27 cm. aIncludes bibliographical references and indexes. 7aIndustrial management.2BUEsh91569 0aCost control2BUEsh929392 0aIndustrial managementvCase studies.2BUEsh91708 0aCost controlvCase studies.2BUEsh937739 2BUEsh bBUSADMcJune2015 vreading book9342321 aAnthony, Robert N.q(Robert Newton),d1916-2006, 2ddck658.15 MAN c19750d19722 00102ddc40708AlahramaMAINbMAINc1STd2015-06-18epurchaseg299.00h338l0o658.15 MANp000038662r2025-07-15 00:00:00v373.75yBB